[Event "Iraklio Epikoinonia U1800 1st"]
[Site "Iraklio"]
[Date "2011.11.16"]
[Round "2.1"]
[White "Karousos Theodorakis, Nikolaos"]
[Black "Digenis, Stefanos"]
[Result "0-1"]
[WhiteElo "1616"]
[BlackElo "1562"]
[PlyCount "58"]
[EventDate "2011.11.09"]
[EventType "tourn"]
[EventRounds "7"]
[EventCountry "GRE"]
[SourceTitle "EXT 2024"]
[Source "ChessBase"]
[SourceDate "2023.10.10"]
[SourceVersion "1"]
[SourceVersionDate "2023.10.10"]
[SourceQuality "1"]

1. e4 e5 2. Nf3 Nf6 3. Nxe5 d6 4. Nf3 Nxe4 5. Nc3 Nxc3 6. dxc3 Be7 7. Be3 0-0 8. Qd2 Be6 9. Bd3 Nd7 10. 0-0-0 a5 11. a3 b6 12. h4 Bg4 13. Rdg1 Ne5 14. Nxe5 dxe5 15. f3 Be6 16. g4 Qd7 17. c4 Rfd8 18. Qg2 Qc6 19. Be4 Qxc4 20. Bxa8 Rxa8 21. Kd1 Rd8+ 22. Ke1 Qc6 23. c3 Rd3 24. Ke2 Bc4 25. Kf2 Bc5 26. Rd1 Bxe3+ 27. Kg3 Bf4+ 28. Kf2 Qc5+ 29. Ke1 Qe3+ 0-1

[Event "Attica-ch U14 11"]
[Site "Athens"]
[Date "2010.12.29"]
[Round "6.7"]
[White "Kourkoulos Arditis, Stamatis"]
[Black "Digenis, Stefanos"]
[Result "1-0"]
[WhiteElo "1975"]
[BlackElo "1508"]
[PlyCount "50"]
[EventDate "2010.12.23"]
[EventType "swiss"]
[EventRounds "7"]
[EventCountry "GRE"]
[SourceTitle "EXT 2024"]
[Source "ChessBase"]
[SourceDate "2023.10.10"]
[SourceVersion "1"]
[SourceVersionDate "2023.10.10"]
[SourceQuality "1"]

1. e4 e5 2. f4 exf4 3. Nf3 d6 4. Bc4 h6 5. d4 g5 6. 0-0 Bg7 7. g3 fxg3 8. Bxf7+ Ke7 9. hxg3 Nf6 10. Bb3 Bg4 11. Qd3 Nc6 12. e5 dxe5 13. dxe5 Qxd3 14. exf6+ Bxf6 15. cxd3 Bxf3 16. Rxf3 Nd4 17. Rf1 Ne2+ 18. Kg2 Nxc1 19. Nc3 Bxc3 20. Raxc1 Ba5 21. Rc5 Bb6 22. Rf7+ Ke8 23. Re5+ Kd8 24. Be6 a5 25. Bf5 a4 1-0